000 01336nam a2200349 i 4500
001 195886
003 SpMaBN
005 20250804062708.0
008 240728s2018 sp | |||| 000 f spa
017 _aB 26356-2017
_bOficina Depósito Legal Barcelona
020 _a9788401020810
035 _a(OCoLC)1022941165
035 _aa6124843
040 _aSpMaBN
_bspa
_cSpMaBN
_erdc
_dES-MaACL
080 _a821.134.2-31"19"
100 _aFrisa, María,
_d1969-
_0XX5883607
_9237659
_eaut
240 1 0 _aCuídate de mí
245 1 0 _aCuídate de mí /
_cMaría Frisa.
250 _aPrimera edición: febrero de 2018
260 _a[Barcelona] :
_bPlaza & Janés,
_c2018.
300 _a475 p. :
_c24 cm.
336 _aTexto (visual)
_2isbdcontent
337 _asin mediación
_2isbdmedia
338 _2rdacarrier
_avolumen
655 0 _aNovelas
_9234319
852 _aES-MaACL
_cDEPOJ
_jN-9004
_fAnotación manuscrita de la antigua dueña
_hDonación: Inés Fernández Vera
_xEncuadernación cartoné
_zParece que esta edición tuvo sobrecubiertas pero el ejemplar carece de ellas
_9204869
903 _aFernández Vera, Inés
_ednr
942 _cMONOGRAFIA
_n0
999 _c195886
_d195886